| 000 | 00791nam a22002177a 4500 | ||
|---|---|---|---|
| 005 | 20100812114028.0 | ||
| 010 | _aENG-99872 | ||
| 020 |
_a9788170640622 _c200.00 |
||
| 035 | _aEN-83404 | ||
| 037 | _bDBAD/PUB | ||
| 082 | _a881.08 | ||
| 100 |
_aArchana Kumar _911931 |
||
| 245 |
_aThe poetry of Jayanta Mahapatra: _cby Archana Kumar _ba study in style and sensibility / |
||
| 260 |
_aNew Delhi _bArya Publishing House _c2006 |
||
| 270 |
_bNew Delh _a1569/30 Naiwala, Karol Bage, _e110005 |
||
| 300 |
_a191p. _c22cm (Hb) |
||
| 500 | _aIncludes bibliographical references | ||
| 700 | _911824 | ||
| 942 |
_2ddc _cEN _h881.08 _mARC |
||
| 999 |
_c41412 _d41412 |
||